Những nhà tư tưởng lớn của Ấn Độ = Les grands penseurs de l'Inde

সংরক্ষণ করুন:
গ্রন্থ-পঞ্জীর বিবরন
প্রধান লেখক: Albert Schweitzer
বিন্যাস: গ্রন্থ
ভাষা:Undetermined
প্রকাশিত: H. VHTT 2003
বিষয়গুলি:
ট্যাগগুলো: ট্যাগ যুক্ত করুন
কোনো ট্যাগ নেই, প্রথমজন হিসাবে ট্যাগ করুন!
Thư viện lưu trữ: Trung tâm Học liệu Trường Đại học Cần Thơ
LEADER 00594nam a2200205Ia 4500
001 CTU_58347
008 210402s9999 xx 000 0 und d
020 |b 27000 
082 |a 181.5 
082 |b S413 
100 |a Albert Schweitzer 
245 0 |a Những nhà tư tưởng lớn của Ấn Độ = 
245 0 |b Les grands penseurs de l'Inde 
245 0 |c Albert Schweitzer; Phan Quang Định biên dịch 
260 |a H. 
260 |b VHTT 
260 |c 2003 
650 |a philosophy, indian 
904 |i Minh 
980 |a Trung tâm Học liệu Trường Đại học Cần Thơ